000
00290nam a22001337a 4500
008
170721b xxu||||| |||| 00| 0 eng d
020
_a
9780827369078
041
_a
eng
080
_2
4TH
_a
004
100
_a
28
101
_a
SHKI
245
_a
PRINTING TECHNOLOGY
_c
ADAMS
942
_2
udc
_c
BK
999
_c
21747
_d
21747